000 01118nam a2200289 a 4500
001 162
003 BR-CuiBMT
005 20231114212626.0
008 230823s2009 bab 000 0 por d
020 _a8577611817
040 _aBR-CuiBMT
_cBR-CuiBMT
080 _22007
_a347.922
_x(079.1)
090 _a347.922(079.1)
_bV677a
_c2. ed.
100 1 _aVigliar, José Marcelo Menezes
245 1 0 _aAções coletivas – provas e concursos /
_cJosé Marcelo Menezes Vigliar.
246 1 4 _aAções coletivas:
_bpara concursos públicos
250 _a2. ed., rev., ampl. e atual.
260 _a[Salvador] :
_bJusPODIVM,
_c[2009].
300 _a292 p. ;
_c23 cm
500 _aEdição retirada da capa.
500 _aAspectos processuais: interesses difusos, coletivos e individuais homogêneos. Ação civil pública. Ação popular. Mandado de segurança. Questões comentadas. Legislação pertinente.
504 _aInclui bibliografia.
650 _aConcursos públicos
_xQuestões comentadas
650 _aAspectos processuais
_vLegislação
650 _aAção popular
_xMandado de segurança
942 _2udc
_cLV
999 _c162
_d162